000 00660nam a2200193 i 4500
001 64145
003 ES-MaACL
005 20230906165043.0
007 t|
008 031222s1920 gw ||||1| ger d
100 1 _aFleischmann, L.
_951155
245 1 0 _aBeitrèage sur histologie und pathologenese der alveolarpyorrhoe /
_cvon L. Fleischmann und B. Gottlieb.
260 _aBerlin :
_b[s.n.],
_c1920.
490 1 _aSanderdruck aus Osterreichirche zeitschriff für stomatologie
700 1 _aGottlieb, B.
_959298
830 0 _aSanderdruck aus Osterreichirche zeitschriff für stomatologie
_9230701
852 _aES-MaACL
_j1526-F-25
999 _c64145
_d64145